International Conference on Tonnage Measurement of Ships, 1969 (Record no. 1218)

000 -LEADER
fixed length control field 00362nam a2200133 4500
008 - FIXED-LENGTH DATA ELEMENTS--GENERAL INFORMATION
fixed length control field 200114b ||||| |||| 00| 0 eng d
082 00 - DEWEY DECIMAL CLASSIFICATION NUMBER
Classification number 387.2
Item number I325
110 ## - MAIN ENTRY--CORPORATE NAME
9 (RLIN) 806
Corporate name or jurisdiction name as entry element IMCO
245 10 - TITLE STATEMENT
Title International Conference on Tonnage Measurement of Ships, 1969
260 ## - PUBLICATION, DISTRIBUTION, ETC. (IMPRINT)
Place of publication, distribution, etc London
Name of publisher, distributor, etc IMCO
Date of publication, distribution, etc 1969
300 ## - PHYSICAL DESCRIPTION
Extent 83 p.
650 #0 - SUBJECT ADDED ENTRY--TOPICAL TERM
Topical term or geographic name as entry element Ship Measurement
942 ## - ADDED ENTRY ELEMENTS (KOHA)
Source of classification or shelving scheme
Item type Books
Holdings
Withdrawn status Lost status Source of classification or shelving scheme Damaged status Not for loan Permanent location Current location Date acquired Full call number Barcode Date last seen Koha item type
          IMU Kolkata IMU Kolkata 1975-03-06 387.2 I325 04212 2020-01-14 Books
Designed and Maintained by IMU-KC Library, Kolkata Campus © Copyright All Rights Reserved

webs counters

Powered by Koha